000 00670nam a2200181Ia 4500
008 090124s9999 xx 000 0 und d
082 _b25599
_a598
100 _aमाळवदे रमण
245 _a तोंड गळा व दात यांचे विकार व उपचार
250 _a1
260 _c1987
300 _a138
600 _aमाळवदे रमण
630 _a तोंड गळा व दात यांचे विकार व उपचार
700 _aमाळवदे रमण
730 _a तोंड गळा व दात यांचे विकार व उपचार
942 _cBOOK
999 _c139105
_d139105